Italian connective words - Statistics

General Stats
  • This quiz has been taken 64 times
  • The average score is 17 of 23
Answer Stats
Hint Answer % Correct
And E
98%
With Con
97%
Or O
97%
For Per
97%
Of Di
92%
But Ma
92%
Where Dove
90%
Because Perche
90%
How Come
86%
From Da
85%
Who Chi
83%
On Su
80%
After Dopo
76%
Without Senza
76%
Also Anche
73%
Before Prima
69%
While Mentre
61%
In fact Infatti
53%
Almost Quasi
53%
Instead Invece
51%
Of the Della
46%
So Cosi
39%
However Tuttavia
34%
No matching quizzes found
Score Distribution
Percent of People with Each Score
Percentile by Number Answered
Your Score History
You have not taken this quiz